| 000 | 00973nam a2200289 c 4500 | ||
|---|---|---|---|
| 003 | BLK | ||
| 005 | 20230517030328.0 | ||
| 008 | 180410b bul|||||r ||||||| ||bul|| | ||
| 010 | _aKNG00159190000 | ||
| 040 | _aBLK | ||
| 041 |
_aBUL _cBUL |
||
| 080 |
_aБългарска литература _b821.163.2 _x-31 _z821.163.2-31 |
||
| 100 | 1 |
_aДаскалов, Стоян Цеков _d1909-1985 _9377034 |
|
| 139 |
_aДаскалов, Стоян Цеков _bД 24 |
||
| 245 | 1 | 0 |
_aПът _bРоман _cСтоян Цеков Даскалов. |
| 250 | _a8. изд. | ||
| 257 | _aBGR | ||
| 260 |
_аСофия _bНар. младеж _c1984 |
||
| 300 |
_a560 с. _c20 см |
||
| 380 | _aX | ||
| 500 | _a1. изд. 1945. - 6 000 тир. | ||
| 852 | _aЦб 128623 | ||
| 856 | 4 |
_qpdf _u |
|
| 856 | 4 |
_qpdf _u |
|
| 942 |
_cKNG _n0 |
||
| 944 |
_aCR _c04.04.2014 _l04.04.2014 - от С1,Р / 04.04.2014 _kЕва_Петрова |
||
| 944 |
_aED _c04.04.2014 _l04.04.2014 - от С1,Р / 04.04.2014 _k |
||
| 999 |
_c152681 _d152681 |
||